000 00697nam a2200217 a 4500
999 _c10945
_d10945
001 10945
003 BD-JhCC
005 20221107134024.0
008 190529b2014 bd ||||| a||| 00| 0 eng d
035 _a(BD-JhCC)10945
040 _aBD-JhCC
_dBD-JhCC
041 _aben
082 _bSAM 2014
_a796.33464
100 _aশামস, শামসুজ্জামান
245 _aবিশ্বকাপ ফুটবল এ টু জেড /
_cশামসুজ্জামান শামস,
260 _aঢাকা:
_bআলিফ বুক হাউস;
_c2014.
300 _a 159 p.:
_c22 cm.
650 _aWorld Cup (Soccer)
_vFootball
942 _2ddc
_cBK
_04